000 00933nam a2200289Ia 4500
003 OSt
005 20221005090756.0
006 a|||||r|||| 00| 0
007 ta
008 221004b |||||||| |||| 00| 0 eng d
020 _a1583670394
_c1169.56
024 _a83375
037 _b5991, 30/03/2005, Elite Publishers Distributors
_cTextual
040 _aCRL
_cCRL
_beng
041 _2eng
_aeng
082 _aV58y7M70:g(R), P1
100 _aAlthusser Louis
245 0 _aLenin and philosophy and other essays tr by Ben Brewster
260 _aNew York
_bMonthly Review Press U. S. A.
_c2001
300 _a173p.
_ccm.
650 _a RUSSIA - HISTORY
650 _a LENIN, VLADIMIR
_9615584
650 _aPHILOSOPHERS
700 _a Brewster Ben Tr.
942 _hV58y7M70:g(R), P1
_cTEXL
_2cc
999 _c996344
_d996344